书目信息 |
| 题名: |
静思、智慧、爱
|
|
| 作者: | 释证严 著 | |
| 分册: | ||
| 出版信息: | 南京 江苏人民出版社 2007 |
|
| 页数: | 207页 | |
| 开本: | 21cm | |
| 丛书名: | 证严法师著作 | |
| 单 册: | ||
| 中图分类: | B948-49 | |
| 科图分类: | ||
| 主题词: | 佛教--人生哲学--通俗读物 | |
| 电子资源: | ||
| ISBN: | 978-7-214-04394-8 | |
| 000 | 00640oam2 2200229 450 | |
| 001 | 1240971468 | |
| 005 | 20121010153321.65 | |
| 010 | @a978-7-214-04394-8@dCNY18.00 | |
| 100 | @a20111117d2007 em y0chiy0110 ea | |
| 101 | 0 | @achi |
| 102 | @aCN@b320000 | |
| 105 | @ay z 000yy | |
| 200 | 1 | @a静思、智慧、爱@9jing si、 zhi hui、 ai@f证严法师著 |
| 210 | @a南京@c江苏人民出版社@d2007 | |
| 215 | @a207页@d21cm | |
| 225 | 2 | @a证严法师著作 |
| 461 | 0 | @12001 @a证严法师著作 |
| 606 | 0 | @a佛教@x人生哲学@j通俗读物 |
| 690 | @aB948-49@v4 | |
| 701 | 0 | @a释证严@9shi zheng yan@4著 |
| 801 | 0 | @aCN@b91MARC@c20111117 |
| 905 | @a10447@dB948-49@eJY81 | |
| 静思、智慧、爱/证严法师著.-南京:江苏人民出版社,2007 |
| 207页;21cm.-(证严法师著作) |
| ISBN 978-7-214-04394-8:CNY18.00 |
| ● |
| 相关链接 |
|
|
|
|
正题名:静思、智慧、爱
索取号:B948-49/JY81
 
预约/预借
| 序号 | 登录号 | 条形码 | 馆藏地/架位号 | 状态 | 备注 |
| 1 | 7804743 | 278047436 | 不外借—密集书库/ [索取号:B948-49/JY81] | 在馆 | |
| 2 | 7804744 | 278047445 | 不外借—密集书库/ [索取号:B948-49/JY81] | 在馆 |